Uusi päivä- kuka sanoo 3 - Statistics

Yleistilastot
  • Tätä visaa on pelattu 39 kertaa
  • Keskiarvotulos 12 / 20
Vastaustilastot
Hint Vastaus % Oikein
"Vanha ystävämme Niklas Järrrrrvelä" Asko Haavisto
92%
"Kanttura mikä kanttura" Siiri
81%
"Sul oli kivat vaatteet, lumileikkeihin sopiva tummapuku" Marika Ruuskanen-Kuusla
78%
"Jos mä olisin jäänyt sinne kuorsata pärisyttämään niin siinähän olis mennyt mielenrauha koko seurakunnalta" Ensio Haavisto
76%
"Ollaan aina ajateltu, että kaikesta selvitään, kun vaan välitetään toisistamme" Aino Haavisto
73%
"Kuule mulle on aivan sama et onks sun työkaverit blondeja vai brunetteja" Elina Haavisto
73%
"Sinkku tulee, söpöily sikseen" Krista Kortelainen
70%
"Lätäkkö joka yrittää myrskytä, näyttää vaan oman pienuutensa. Tyynenä se pystyy heijastelemaan vuorten korkeuksia ja merten syvyyksiä" Lauri Kallio
65%
"Se vihaa mua, se ei kestä mun karismaa" Emmi Lukkari
62%
"Täällä on viime aikoina käytetty termiä elämä jatkuu. Se, se ei ole totta. Kaikkien elämä ei jatkunut" Jukka Hiltunen
59%
"Tässä se taas nähdään, että ihminen tarvii toivoa toipuakseen. Jos ei oo toivoa niin ei oo elämää." Minna Haavisto
59%
"Mä ainakin toivon, että tässä perheessä kunnioitetaan jokaisen luontokappaleen elämää oli se sitten hiiri, Tuija tai joku muu tuholaiseläin" Tuija Haavisto
57%
"Se päivä muutti monen ihmisen elämän, joidenkin kohdalta peruuttamattomasti" Jimi Aro
54%
"No ne saa tottua siihen ajatukseen, että mulla on tyttöystävä, jolle mä oon laskenu laskusillan alas" Tomi Karhu
54%
"Universumi kantaa, vaikka olis kuinka vaikeeta" Pentti Ruuskanen
43%
"On hyvä muistaa, että vaikka maailma näyttäis miten mustalta tahansa, niin aina on toivoa" Aleksi Ruuskanen
41%
"Jaha tässähän on insinöörin taidonnäyte Virtauksen muurista" Niklas Järvelä
41%
"Vaikka välillä tulee turpiin oikealta ja vasemmalta niin silti tässä maailmassa on paljon hyvää ja kaunista" Kukko
38%
"Rappion tie on lavea" Iris Rainio
35%
"En tiedä onko lintu vai kala" Saku Rainio
35%
Ehtoja vastaavia visoja ei löytynyt
Tulosjakauma
Jokaisen tuloksen saaneiden osuus
Persentiili vastausten määrän mukaan
Tuloshistoriasi
Et ole pelannut tätä visaa